00842nam a2200241Ia 450000500170000000800410001702000150005808200170007310000350009024500430012525000220016830000630019049000420025350000210029565000430031665000430035965000400040226400350044233600270047733700330050433800280053704000350056520220317000155.0141031s2009 c ao g 000 0 s  a958979815204a595.76bU73p1 aUribe Hurtado, Cristinad1956-14aLos primeros aviadorescCristina Uribe aSegunda edición a33 páginasbilustraciones y fotografías a colorc23 cm aCuentos educativos Quiénes somos... aIncluye glosario142LEMBaEscarabajosxLiteratura infantil142LEMBaColeopterosxLiteratura infantil142LEMBaInsectosxLiteratura infantil aBogotábCristina Uribec2009 atextobtxt2rdacontent asin mediaciónbn2rdamedia avolumenbnc2rdacarrier aCO-BoRNBPbspaerdacCO-BoRNBP